000 00893nas a2200301 4500
001 BR7900862
003 BR-BrBNA
005 20231205083630.0
007 ta
008 230509b bl.|||p| |||| 00| 00por d
040 _aBR-BrBNA
_bpor
_cBiblioteca Nacional de Agricultura
041 _a(Pt)
072 _aE15; E50
100 1 _aFroes, J.C.
100 1 _aGuerrero, S.J.
100 1 _aMaffia, L.M.
100 1 _aCastro, L.M.B. de
245 1 _aTreinamento e nivel de vida do trabalhador rural: a situacao cacaueira da Bahia
_bParte de tese
650 _aMICROECONOMIA
650 _aSOCIOLOGIA RURAL
650 _aMAO-DE-OBRA
650 _aNIVEL DE VIDA
650 _aTRABALHADOR RURAL
650 _aBAHIA
773 0 _tRevista Ceres (Brazil)
_xISSN 0034-737X
_g(May 1978), v. 25(139) p. 266-279
_wBR7900862
909 _a202311
_bLúcia
_c55
_dLúcia Elande
942 _2AGRIS
_n0
_cANA
999 _c100192
_d100192